000 00793aam a2200289 4500
005 20251216120627.0
008 150810b1997 xxu||||| |||| 00| 0 spa d
020 _a9806184467
041 _aESP
082 _a617.69 F518c
100 _aFioranelli, Vieira
_918467
100 _aTrajano de Mello Ferreira, Andréa
100 _aGarófalo, José Carlos
100 _aMartins Agra, Carlos
245 _aCarillas laminadas, soluciones estéticas
260 _aVenezuela
260 _bActualidades Médico Odontológicas Latinoamerica
260 _c1997
300 _a102 páginas
300 _bIlustraciones a color
490 _aMecánica Dental
650 _aODONTOLOGÍA ESTÉTICA
650 _aOCLUSIÓN
650 _aCARILLAS LAMINADAS
650 _a
942 _cBK
_2ddc
999 _c550
_d550